Online katalóg knižníc regiónu Turca

Učňovské roky Wilhelma Meistera / (Record no. 20557)

MARC details
000 -LEADER
fixed length control field 01530nam a22003851i 4500
001 - CONTROL NUMBER
control field 20557
003 - CONTROL NUMBER IDENTIFIER
control field CZ PrNK
005 - DATE AND TIME OF LATEST TRANSACTION
control field 20260126123055.0
007 - PHYSICAL DESCRIPTION FIXED FIELD--GENERAL INFORMATION
fixed length control field ta
008 - FIXED-LENGTH DATA ELEMENTS--GENERAL INFORMATION
fixed length control field 011220s1954 xo c 000 | slo
020 ## - INTERNATIONAL STANDARD BOOK NUMBER
Qualifying information (Vázáno) :
Terms of availability Kčs 44,00
040 ## - CATALOGING SOURCE
Original cataloging agency ABA001
Language of cataloging cze
Transcribing agency ABA001
Modifying agency ABA001
Description conventions rda
041 1# - LANGUAGE CODE
Language code of text/sound track or separate title slo
Language code of original ger
100 1# - MAIN ENTRY--PERSONAL NAME
Personal name Goethe, Johann Wolfgang von,
Dates associated with a name 1749-1832
Relationship aut
240 10 - UNIFORM TITLE
Uniform title Wilhelm Meisters Lehrjahre.
Language of a work Slovensky
245 10 - TITLE STATEMENT
Title Učňovské roky Wilhelma Meistera /
Statement of responsibility, etc. Johann Wolfgang Goethe ; [preložila a poznámky napísala Viktória Hornáková ; štúdiu napísal Elemír Terray ; verše prebásnil Viliam Turčány]
250 ## - EDITION STATEMENT
Edition statement I. vydanie
264 #1 - PRODUCTION, PUBLICATION, DISTRIBUTION, MANUFACTURE, AND COPYRIGHT NOTICE
Place of production, publication, distribution, manufacture Bratislava :
Name of producer, publisher, distributor, manufacturer Slovenské vydavateľstvo krásnej literatúry,
Date of production, publication, distribution, manufacture, or copyright notice 1954
300 ## - PHYSICAL DESCRIPTION
Extent 576 stran :
Other physical details 1 portrét ;
Dimensions 21 cm
336 ## - CONTENT TYPE
Content type term text
Content type code txt
Source rdacontent
337 ## - MEDIA TYPE
Media type term bez média
Media type code n
Source rdamedia
338 ## - CARRIER TYPE
Carrier type term svazek
Carrier type code nc
Source rdacarrier
490 1# - SERIES STATEMENT
Series statement Výber z diela Johanna Wolfganga Goetheho ;
Volume/sequential designation zväzok 1
490 1# - SERIES STATEMENT
Series statement Edícia svetových klasikov ;
Volume/sequential designation 38. zväzok
500 ## - GENERAL NOTE
General note 3000 výtisků
500 ## - GENERAL NOTE
General note Přeloženo z němčiny
504 ## - BIBLIOGRAPHY, ETC. NOTE
Bibliography, etc. note Obsahuje bibliografické odkazy
700 1# - ADDED ENTRY--PERSONAL NAME
Personal name Hornáková, Viktória,
Dates associated with a name 1909-1983
Relationship trl
-- cwt
700 1# - ADDED ENTRY--PERSONAL NAME
Personal name Terray, Elemír,
Dates associated with a name 1922-
Relationship aut
700 1# - ADDED ENTRY--PERSONAL NAME
Personal name Turčány, Viliam,
Dates associated with a name 1928-2021
Relationship trl
800 1# - SERIES ADDED ENTRY--PERSONAL NAME
Personal name Goethe, Johann Wolfgang von,
Dates associated with a name 1749-1832.
Title of a work Výber z diela
830 #0 - SERIES ADDED ENTRY--UNIFORM TITLE
Uniform title Edícia svetových klasikov (Slovenské vydavateľstvo krásnej literatúry)
910 ## - USER-OPTION DATA (OCLC)
User-option data ABA001
942 ## - ADDED ENTRY ELEMENTS (KOHA)
Source of classification or shelving scheme Dewey Decimal Classification
Koha item type Krásna literatúra pre dospelých
Suppress in OPAC No
Holdings
Stav vyradenia Strata Poškodenie Spôsob nadobudnutia Domovská knižnica Aktuálna knižnica Dátum nadobudnutia Total checkouts Čiarový kód exemplára Date last seen Typ exemplára
      Dar Obecná knižnica Horná Štubňa Obecná knižnica Horná Štubňa 26.01.2026   4736200593 26.01.2026 Krásna literatúra pre dospelých
Projekt je podporený Slovenskou asociáciou knižníc
Prevádzkuje Turčianska knižnica Martin 2026